000 00706nam a2200253Ia 4500
003 OSt
005 20220918213813.0
006 a|||||r|||| 00| 0
007 ta
008 220917b |||||||| |||| 00| 0 eng d
024 _a134,370
037 _cTextual
040 _aARTS
_cARTS
_beng
041 _2eng
_aeng
082 _aX:9Fx3.N18<-N14, M1
100 _aBraybon Gail
_9128509
245 0 _aWomen workers in the first world war
_b The British experience
260 _aLondon
_bCroom Helm
_c1981
300 _a224p.
_ccm.
500 _aBibliography p233-238
650 _aECONOMICS
942 _hX:9Fx3.N18<-N14, M1
_cTEXL
_2CC
999 _c257473
_d257473